000 00854nam a2200205 a 4500
003 0
005 20250516145840.0
008 030519s19uu xx 00 eng d
050 _aPHS BF 723.M54
_b.M65 2003
100 _aMoll, Jason Richard N.
245 _aA Comparative study on the effects of personal, social and religious values on selected high school students of SISC and Sacred Heart School /
_cJason Richard N. Moll.
260 _aLas PiƱas City, Philippines :
_bSouthville International School and Colleges,
_c2003.
300 _aunnumbered pages :
_billustrations ;
_c28 cm.
504 _aIncludes bibliographical references.
650 _aMoral education
_zPhilippines.
650 _aSocial values in adolescence.
650 _aValues
_xStudy and teaching
_zPhilippines.
651 _aReligious education
_zPhilippines.
942 _2lcc
_cPASS
999 _c96801
_d96801